[Event "GAMMA Reykjavik Open 2019"]
[Site "Reykjavik ISL"]
[Date "2019.04.09"]
[Round "3.41"]
[White "Smith, Daniel"]
[Black "Chittka, Julius"]
[Result "1/2-1/2"]
[WhiteElo "2047"]
[BlackElo "2268"]
[WhiteFideId "2024195"]
[BlackFideId "12954772"]
[EventDate "2019.04.08"]

1. d4 Nf6 2. Bf4 g6 3. Nc3 d5 4. e3 Bg7 5. h4 c5 6. Nb5 Na6 7. a4 O-O 8. Be2 Bd7
9. Nf3 Qa5+ 10. c3 c4 11. Ne5 Bxb5 12. axb5 Qxb5 13. Qb1 Nb8 14. h5 Nbd7 15.
hxg6 hxg6 16. Bd1 Nxe5 17. dxe5 Ne4 18. Bc2 Qb6 19. f3 Nc5 20. Kf1 Nd3 21. Bxd3
cxd3 22. Ra4 Rac8 23. Rb4 Qa6 24. Rd4 Qb5 25. Rb4 Qa6 26. Rd4 Rc4 27. Rxd5 d2
28. Kf2 Qb6 29. Ke2 Rc5 30. Rxd2 Bxe5 31. Bh6 Rd8 32. Rhd1 Rxd2+ 33. Kxd2 Rb5
34. Kc2 Qc7 35. Rd3 Rb6 36. Qd1 Qc4 37. Kc1 Ra6 38. Kb1 Qa2+ 39. Kc1 Qc4 40. Kb1
Qa2+ 41. Kc1 Rb6 42. Qc2 Qa1+ 43. Qb1 Qa4 44. e4 Bd6 45. Be3 Rb5 46. Qc2 Qa1+
47. Qb1 Qa5 48. Qc2 Rh5 49. Rd1 b5 50. Kb1 Qc7 51. Qe2 a5 52. Qc2 a4 53. Qd3 Qa5
54. Bc1 Rh2 55. Qe2 Rh5 56. Qd2 Qa8 57. Qd3 Qb7 58. Ka1 b4 59. cxb4 Qxb4 60. Bd2
Qb7 61. Bc3 Qa7 62. Qc4 Qc5 63. Qxa4 f6 64. Qc2 Kg7 65. Kb1 Qb6 66. Bd4 Qa6 67.
Qd3 Qa4 68. Qc2 Qa6 69. Bc3 Rh8 70. Qd3 Qa4 71. Qd4 Qa6 72. Qd5 Rh5 73. Qd3 Qa4
74. Qd4 Qb3 75. Qd3 Rb5 76. Qc2 Qe6 77. g4 Be5 78. Bd4 Bxd4 79. Rxd4 Qb6 80. Qd2
Rb3 81. Rd7 Rxf3 82. Rxe7+ Kf8 83. Rd7 Rf1+ 84. Kc2 Qa6 85. Kb3 Rf3+ 86. Kb4 1/2-1/2

[Event "GAMMA Reykjavik Open 2019"]
[Site "Reykjavik ISL"]
[Date "2019.04.09"]
[Round "3.44"]
[White "Jonsson, Gauti Pall"]
[Black "Stoyanov, Viktor"]
[Result "1/2-1/2"]
[WhiteElo "2027"]
[BlackElo "2238"]
[WhiteFideId "2309092"]
[BlackFideId "450308"]
[EventDate "2019.04.08"]

1. d4 Nf6 2. Bf4 d5 3. e3 c5 4. Nf3 Nc6 5. Nbd2 e6 6. c3 Bd6 7. Bg3 O-O 8. Bd3
b6 9. Qe2 Bb7 10. e4 Be7 11. dxc5 bxc5 12. O-O Nh5 13. Rfe1 Re8 14. Qd1 Nxg3 15.
hxg3 Rb8 16. exd5 exd5 17. Ne5 Nxe5 18. Rxe5 Bf6 19. Rxe8+ Qxe8 20. Qc2 g6 21.
c4 dxc4 22. Nxc4 Qc6 23. Bf1 Qc7 24. Re1 Bd4 25. Kh2 Rd8 26. Qe2 Rd5 27. Qe8+
Kg7 28. Re7 Rh5+ 29. Kg1 Rf5 30. Ne3 Bxe3 31. Rxe3 Bd5 32. b3 Be6 33. Rd3 Rd5
34. Rxd5 Bxd5 35. Qe3 Qd6 36. Qc3+ Kg8 37. Qa5 Qb6 38. Qd2 Be6 39. Qf4 Qb4 40.
Qe5 a5 41. Qc7 h5 42. Qd8+ Kg7 43. Qc7 Kh7 44. Qe5 Qa3 45. Bd3 Qc1+ 46. Kh2 Qd1
47. Qc3 a4 48. bxa4 Bxa2 49. Bc4 Qxa4 50. Bxa2 Qxa2 51. Qxc5 Qe2 52. Qd4 Qe6 53.
Qf4 f6 54. Qc7+ Kh6 55. Qc5 g5 56. Qf8+ Kg6 57. Qc5 f5 58. Qd4 g4 59. Qd3 Qf6
60. Qe3 Qc6 61. Qe5 Qd7 62. Qe3 Qf7 63. Qe5 Kh7 64. Qd6 Kg7 65. Qd4+ Kg6 66. Qe5
Qd7 67. Qe3 1/2-1/2

[Event "GAMMA Reykjavik Open 2019"]
[Site "Reykjavik ISL"]
[Date "2019.04.09"]
[Round "3.45"]
[White "Jaksland, Tim"]
[Black "Ragnarsson, Johann"]
[Result "1-0"]
[WhiteTitle "FM"]
[WhiteElo "2222"]
[BlackElo "1974"]
[WhiteFideId "1401084"]
[BlackFideId "2301040"]
[EventDate "2019.04.08"]

1. Nf3 d5 2. c4 e6 3. g3 Nf6 4. Bg2 dxc4 5. O-O Be7 6. Na3 c6 7. Nxc4 b5 8. Nce5
Bb7 9. b3 O-O 10. Bb2 Nbd7 11. Qc2 h6 12. Nxc6 Qe8 13. Nxe7+ Qxe7 14. d3 Rfc8
15. Qd2 Nb6 16. Rac1 a6 17. Rxc8+ Rxc8 18. Rc1 Rxc1+ 19. Qxc1 Ne8 20. e4 Qc7 21.
Qxc7 Nxc7 22. Bd4 Nc8 23. Bc5 f6 24. Kf1 Kf7 25. b4 g5 26. Nd4 Ne7 27. Bf3 Nc6
28. Bh5+ Kg7 29. Nxc6 Bxc6 30. Bd1 f5 31. Bd4+ Kg6 32. f3 h5 33. Bb3 Bd7 34. Kf2
Bc8 35. Ke3 Bd7 36. Be5 Na8 37. Bd4 Nc7 38. a3 Na8 39. Ba2 Nc7 40. Bb3 Na8 41.
Ba7 Kf6 42. f4 g4 43. Kd4 Bc6 44. Kc5 Bb7 45. e5+ Ke7 46. Bb8 Kd7 47. a4 Bc6 48.
a5 Bf3 49. d4 Kc8 50. Bd6 Kd7 51. d5 1-0

[Event "GAMMA Reykjavik Open 2019"]
[Site "Reykjavik ISL"]
[Date "2019.04.09"]
[Round "3.46"]
[White "Kakulidis, Ellen"]
[Black "Salles, Louis"]
[Result "0-1"]
[WhiteTitle "WCM"]
[BlackTitle "CM"]
[WhiteElo "2022"]
[BlackElo "2221"]
[WhiteFideId "1444972"]
[BlackFideId "20641826"]
[EventDate "2019.04.08"]

1. d4 Nf6 2. g3 c5 3. d5 e6 4. Nc3 d6 5. Nh3 Be7 6. Bg2 O-O 7. O-O Na6 8. e4 e5
9. f3 Nc7 10. a4 a6 11. Nf2 Rb8 12. f4 Nd7 13. Ng4 b5 14. a5 b4 15. Nb1 Re8 16.
fxe5 Nxe5 17. Nxe5 dxe5 18. Nd2 Bd7 19. Nc4 Bb5 20. Nxe5 Bf6 21. Nd3 c4 22. Qf3
cxd3 23. cxd3 Bd7 24. Kh1 Rc8 25. g4 Be5 26. g5 Qe7 27. h4 Rf8 28. Rb1 Qe8 29.
Qe3 Nb5 30. Bd2 Nd4 31. Rfc1 f6 32. Rc4 Rxc4 33. dxc4 fxg5 34. hxg5 Qf7 35. Kg1
Qh5 0-1

[Event "GAMMA Reykjavik Open 2019"]
[Site "Reykjavik ISL"]
[Date "2019.04.09"]
[Round "3.47"]
[White "Fabregas, Oliver"]
[Black "Le Goff, Ronan"]
[Result "0-1"]
[BlackTitle "FM"]
[WhiteElo "1922"]
[BlackElo "2186"]
[WhiteFideId "4609719"]
[BlackFideId "612073"]
[EventDate "2019.04.08"]

1. Nf3 Nf6 2. g3 d5 3. Bg2 e6 4. O-O Be7 5. b3 O-O 6. Bb2 a5 7. a4 Re8 8. d3 c5
9. Nbd2 Nc6 10. e4 b6 11. Re1 Bb7 12. e5 Nd7 13. Qe2 Qc7 14. h4 Rec8 15. h5 h6
16. Nf1 Ba6 17. c4 Nb4 18. Ne3 Bb7 19. Ng4 Bf8 20. Rac1 Rd8 21. Red1 Rac8 22.
Kh1 Nb8 23. Rd2 dxc4 24. dxc4 Bxf3 25. Bxf3 Rxd2 26. Qxd2 Rd8 27. Qe2 Nd3 28.
Rc2 Nxb2 29. Rxb2 Nc6 30. Bxc6 Qxc6+ 31. Kg1 Qd7 32. Nh2 Qd4 33. Nf1 Qc3 34. Rd2
Rd4 35. Rb2 Rd3 36. Rd2 Rd4 37. Rb2 Be7 38. Kg2 Bg5 39. Kg1 Rd3 40. Kg2 Kf8 41.
Kg1 Qd4 42. Kg2 Qd7 43. Qe4 Kg8 44. Qa8+ Bd8 45. Qe4 Qd4 46. Qe2 Bc7 47. f4 Qc3
48. Rd2 Rd4 49. Rb2 Kf8 50. Qc2 Qe1 51. Qe2 Qb4 52. Qc2 Qe1 53. Qe2 Qa1 54. Ra2
Qc3 55. Qc2 Rd3 56. Qxc3 Rxc3 57. Rb2 f6 58. exf6 gxf6 59. Nd2 Ke7 60. Kf2 Rd3
61. Nf3 e5 62. fxe5 fxe5 63. Re2 Kf6 64. Rd2 Rxb3 65. Rd7 e4 66. Rxc7 Rxf3+ 67.
Kg2 Rb3 68. g4 Kg5 69. Rg7+ Kf4 70. Rg6 Rg3+ 71. Kf2 Rxg4 72. Rxh6 Rh4 73. Rxb6
Rh2+ 74. Ke1 Kf3 75. Rf6+ Ke3 76. Kf1 Rh1+ 77. Kg2 Rxh5 78. Re6 Rg5+ 79. Kf1
Rf5+ 80. Ke1 Rh5 81. Kf1 Rh1+ 82. Kg2 Rc1 83. Ra6 Rxc4 84. Rxa5 Kd2 85. Ra8 e3
86. Rd8+ Rd4 0-1

[Event "GAMMA Reykjavik Open 2019"]
[Site "Reykjavik ISL"]
[Date "2019.04.09"]
[Round "3.48"]
[White "Alashtar, Aasef"]
[Black "Ingvason, Johann"]
[Result "1-0"]
[WhiteElo "1905"]
[BlackElo "2181"]
[WhiteFideId "7600607"]
[BlackFideId "2301431"]
[EventDate "2019.04.08"]

1. b3 Nf6 2. Bb2 d5 3. Nf3 h6 4. e3 Bf5 5. d4 e6 6. Bd3 Ne4 7. O-O Nd7 8. Nfd2
Qg5 9. f4 Qg6 10. Nxe4 Bxe4 11. Bxe4 Qxe4 12. Qe2 Qg6 13. c4 O-O-O 14. c5 Nf6
15. c6 Rd6 16. cxb7+ Kxb7 17. Rc1 Rb6 18. Nc3 Qh5 19. Qe1 Bb4 20. a3 Bd6 21. a4
g5 22. Ba3 Bxa3 23. Rxa3 gxf4 24. exf4 Rg8 25. a5 Qf3 26. Rc2 Rc6 27. Raa2 Qxf4
28. Nb5 Ng4 29. a6+ Kb8 30. g3 Rxc2 31. Rxc2 Ne3 32. Rxc7 Qf3 33. Rb7+ Kc8 34.
Qc3+ 1-0

[Event "GAMMA Reykjavik Open 2019"]
[Site "Reykjavik ISL"]
[Date "2019.04.09"]
[Round "3.49"]
[White "Esbensen, Arnt"]
[Black "Haraldsson, Leif"]
[Result "1-0"]
[WhiteElo "2176"]
[BlackElo "1851"]
[WhiteFideId "1503251"]
[BlackFideId "1710648"]
[EventDate "2019.04.08"]

1. d4 d6 2. Nf3 Nd7 3. e4 e5 4. Nc3 c6 5. Be2 h6 6. Be3 Qc7 7. Qd2 Ne7 8. a4 a5
9. O-O g5 10. h4 g4 11. Ne1 Nf6 12. Nd3 Ng6 13. g3 Bg7 14. dxe5 dxe5 15. Rad1 b6
16. b3 Be6 17. Nb2 Bf8 18. Bc4 Bd7 19. h5 Ne7 20. f4 gxf3 21. Rxf3 Neg8 22.
Bxf7+ Ke7 23. Bxg8 Nxg8 24. Qf2 1-0

[Event "GAMMA Reykjavik Open 2019"]
[Site "Reykjavik ISL"]
[Date "2019.04.09"]
[Round "3.51"]
[White "Savage, Allan"]
[Black "Sowray, Peter J"]
[Result "0-1"]
[WhiteTitle "FM"]
[BlackTitle "FM"]
[WhiteElo "2021"]
[BlackElo "2356"]
[WhiteFideId "2002221"]
[BlackFideId "400971"]
[EventDate "2019.04.08"]

1. f4 e5 2. e4 d5 3. exd5 exf4 4. Qf3 Bd6 5. Bb5+ Bd7 6. Qe2+ Ne7 7. Nf3 O-O 8.
Bc4 Re8 9. O-O Nxd5 10. Qf2 Be6 11. Bxd5 Bxd5 12. Nc3 Bc6 13. d4 Nd7 14. Bd2 Qf6
15. Kh1 g5 16. h3 Qf5 17. Rac1 Nf6 18. Rfe1 h6 19. b3 b6 20. Kg1 Rad8 21. a4
Rxe1+ 22. Bxe1 Re8 23. Bd2 Bb4 0-1

[Event "GAMMA Reykjavik Open 2019"]
[Site "Reykjavik ISL"]
[Date "2019.04.09"]
[Round "3.52"]
[White "Magnusson, Magnus"]
[Black "Birkisson, Bardur Orn"]
[Result "1/2-1/2"]
[BlackTitle "CM"]
[WhiteElo "2006"]
[BlackElo "2234"]
[WhiteFideId "2302128"]
[BlackFideId "2310597"]
[EventDate "2019.04.08"]

1. e4 e5 2. Nc3 Nf6 3. f4 d5 4. fxe5 Nxe4 5. Nf3 Bc5 6. Qe2 Bf2+ 7. Kd1 Nxc3+ 8.
dxc3 Bb6 9. Bg5 Qd7 10. Kd2 O-O 11. Rd1 c5 12. Kc1 Nc6 13. c4 d4 14. Qe4 Qg4 15.
Bd3 Qxe4 16. Bxe4 Be6 17. Bxc6 bxc6 18. b3 Rfe8 19. h3 h6 20. Bd2 Bc7 21. g4 g5
22. Rhg1 Bd7 23. h4 Bxe5 24. hxg5 hxg5 25. Nxg5 Bg7 26. Rde1 Rxe1+ 27. Rxe1 Bxg4
28. Ne4 f5 29. Nxc5 Kf7 30. Nd3 Bf3 31. Ne5+ Bxe5 32. Rxe5 Be4 33. Ra5 Kg6 34.
Bf4 Kh5 35. Be5 d3 36. cxd3 Bxd3 37. Bd4 a6 38. Kd2 Be4 39. b4 Kg4 40. b5 cxb5
41. cxb5 axb5 42. Rxa8 Bxa8 43. Kc3 f4 44. a4 1/2-1/2

[Event "GAMMA Reykjavik Open 2019"]
[Site "Reykjavik ISL"]
[Date "2019.04.09"]
[Round "3.53"]
[White "Piasetski, Leon"]
[Black "Akeya-Price, Robert"]
[Result "1-0"]
[WhiteTitle "IM"]
[WhiteElo "2222"]
[BlackElo "1931"]
[WhiteFideId "2600072"]
[BlackFideId "430510"]
[EventDate "2019.04.08"]

1. Nf3 d5 2. g3 c6 3. Bg2 Bg4 4. O-O Nd7 5. c4 e6 6. cxd5 cxd5 7. Nc3 Ngf6 8. d4
Bd6 9. Bf4 Qb8 10. Qd2 a6 11. Qe3 O-O 12. Ne5 Rc8 13. h3 Bf5 14. g4 Bg6 15. Bg3
b5 16. Rac1 a5 17. f4 b4 18. Na4 Bc2 19. b3 Ra7 20. Nc5 Nxc5 21. Rxc2 Nce4 22.
Nc6 Qb7 23. Rfc1 Ra6 24. Nxa5 Qd7 25. Nc6 Nc3 26. Ne5 Qb7 27. a4 Nfe4 28. Be1
Raa8 1-0

[Event "GAMMA Reykjavik Open 2019"]
[Site "Reykjavik ISL"]
[Date "2019.04.09"]
[Round "3.54"]
[White "Ghazarian, Kirk"]
[Black "Sikkel, Dirk"]
[Result "1-0"]
[WhiteElo "2209"]
[BlackElo "1914"]
[WhiteFideId "30908604"]
[BlackFideId "1050079"]
[EventDate "2019.04.08"]

1. e4 g6 2. d4 Bg7 3. Nc3 d6 4. Be3 a6 5. Qd2 b5 6. f3 Nf6 7. O-O-O c6 8. g4 b4
9. Nce2 a5 10. Nf4 Qc7 11. h4 h5 12. gxh5 Nxh5 13. Nxh5 Rxh5 14. Ne2 Nd7 15. Nf4
Rh8 16. h5 g5 17. Ne2 c5 18. Bxg5 cxd4 19. Nxd4 Ne5 20. h6 Bf8 21. f4 Nc4 22.
Bxc4 Qxc4 23. b3 Qc5 24. e5 Bg4 25. Qg2 Qc8 26. exd6 Bxd1 27. Rxd1 Ra7 28. Nc6
Rb7 29. dxe7 Bxe7 30. Nxe7 Rxe7 31. Bxe7 Kxe7 32. Qg5+ 1-0

[Event "GAMMA Reykjavik Open 2019"]
[Site "Reykjavik ISL"]
[Date "2019.04.09"]
[Round "3.55"]
[White "Kristjansson, Atli Freyr"]
[Black "Lee, Gudmundur Kristinn"]
[Result "1-0"]
[WhiteElo "2198"]
[BlackElo "1883"]
[WhiteFideId "2302268"]
[BlackFideId "2303361"]
[EventDate "2019.04.08"]

1. c4 e5 2. Nc3 Nc6 3. g3 Bc5 4. Bg2 Nge7 5. e3 O-O 6. Nge2 Ng6 7. O-O Be7 8. d4
d6 9. h3 f5 10. f4 e4 11. a3 Nb8 12. b4 c6 13. d5 a5 14. Rb1 Nd7 15. dxc6 bxc6
16. Nd4 Nb8 17. b5 c5 18. Nxf5 Kh8 19. Nxe7 Nxe7 20. Nxe4 Be6 21. Ng5 1-0

[Event "GAMMA Reykjavik Open 2019"]
[Site "Reykjavik ISL"]
[Date "2019.04.09"]
[Round "3.56"]
[White "Thorsteinsdottir, Gudlaug"]
[Black "Bjornsson, Tomas"]
[Result "1/2-1/2"]
[WhiteTitle "WFM"]
[BlackTitle "FM"]
[WhiteElo "1984"]
[BlackElo "2156"]
[WhiteFideId "2300753"]
[BlackFideId "2300303"]
[EventDate "2019.04.08"]

1. d4 Nf6 2. Nf3 g6 3. g3 Bg7 4. Bg2 O-O 5. c4 d6 6. Nc3 Nbd7 7. O-O e5 8. d5
Nc5 9. b4 Nce4 10. Bb2 Nxc3 11. Bxc3 c6 12. dxc6 bxc6 13. Nd2 Bb7 14. Qa4 Nd7
15. e4 Qc7 16. Rac1 f5 17. c5 Kh8 18. cxd6 Qxd6 19. exf5 gxf5 20. Rfd1 Nb6 21.
Qb3 Nd5 22. Nc4 Qe7 23. Bb2 e4 24. Bxg7+ Qxg7 25. Na5 Rab8 26. a3 Qf6 27. Qc4
Ba8 28. Nxc6 Rbc8 29. Qxd5 Bxc6 30. Qd4 Qxd4 31. Rxd4 Bb5 32. Rc5 Be2 33. h4 Bg4
34. Bf1 Rcd8 35. Rxd8 Rxd8 36. Rc1 Rd2 37. Bc4 Bf3 38. Kf1 Kg7 39. a4 Rb2 40. b5
Kf6 41. a5 Ke5 42. b6 axb6 43. axb6 Rxb6 44. Be2 f4 45. Bxf3 exf3 46. gxf4+ Kxf4
47. Rc4+ Kf5 48. Kg1 Rg6+ 49. Kh2 Rg4 50. Rc5+ Kf4 51. Rc4+ Kf5 52. Rc5+ 1/2-1/2

[Event "GAMMA Reykjavik Open 2019"]
[Site "Reykjavik ISL"]
[Date "2019.04.09"]
[Round "3.57"]
[White "Svergina, Sofya"]
[Black "Stark, Ingo"]
[Result "0-1"]
[WhiteTitle "WCM"]
[WhiteElo "1495"]
[BlackElo "2120"]
[WhiteFideId "24276120"]
[BlackFideId "4651413"]
[EventDate "2019.04.08"]

1. e4 c5 2. Nf3 d6 3. d4 cxd4 4. Nxd4 Nf6 5. Nc3 a6 6. Be3 Ng4 7. Bg5 h6 8. Bh4
g5 9. Bg3 Bg7 10. Qd2 Nc6 11. Nb3 Be6 12. h4 f6 13. O-O-O Nge5 14. Nd5 h5 15.
Kb1 g4 16. Bf4 b5 17. Be3 Rb8 18. Qc3 b4 19. Qd2 a5 20. Nd4 Bxd5 21. exd5 Nxd4
22. Qxd4 O-O 23. Qf4 Qd7 24. Bd3 Nxd3 25. Rxd3 Kf7 26. Bc1 Rh8 27. Qg3 Rbc8 28.
Re1 Qf5 29. f3 Rc7 30. Qf4 Qxf4 31. Bxf4 Rhc8 32. Re2 Rc4 33. Bg3 f5 34. Rde3
Bf6 35. f4 Rd4 36. Rd3 Rxd3 37. cxd3 Rc5 38. Rd2 a4 39. Bf2 Rxd5 40. Kc1 b3 41.
a3 Rb5 42. Kd1 Rb7 43. g3 Ke6 44. Re2+ Kd5 45. Be1 Bd4 46. Ba5 e5 47. Be1 Rc7
48. Ba5 Rc8 49. Be1 exf4 50. gxf4 Rc7 51. Ba5 Rc2 52. Rxc2 bxc2+ 53. Kxc2 g3 0-1

[Event "GAMMA Reykjavik Open 2019"]
[Site "Reykjavik ISL"]
[Date "2019.04.09"]
[Round "3.59"]
[White "Kristjansson, Olafur"]
[Black "Aasen, Kjetil Myrlid"]
[Result "0-1"]
[WhiteElo "2078"]
[BlackElo "1861"]
[WhiteFideId "2300656"]
[BlackFideId "1539027"]
[EventDate "2019.04.08"]

1. e4 d6 2. d4 Nf6 3. Nc3 g6 4. Bg5 Bg7 5. e5 Nfd7 6. f4 O-O 7. Nf3 f6 8. Bc4+
Kh8 9. h4 Nb6 10. h5 Nxc4 11. Qe2 gxh5 12. e6 d5 13. O-O-O Qd6 14. f5 fxg5 15.
Ne5 Nxe5 16. Qxh5 h6 17. Qxg5 Rxf5 18. Rxh6+ Kg8 19. dxe5 Rxg5 20. exd6 cxd6 21.
Rh3 Bxe6 0-1

[Event "GAMMA Reykjavik Open 2019"]
[Site "Reykjavik ISL"]
[Date "2019.04.09"]
[Round "3.62"]
[White "Larson, Gerald"]
[Black "Jensson, Erlingur"]
[Result "0-1"]
[WhiteElo "2038"]
[BlackElo "1559"]
[WhiteFideId "2018756"]
[BlackFideId "2303019"]
[EventDate "2019.04.08"]

1. Nf3 d5 2. c4 c6 3. g3 Nf6 4. Bg2 e6 5. b3 dxc4 6. bxc4 Be7 7. O-O Nbd7 8. Bb2
Nb6 9. d3 c5 10. Nc3 a6 11. Qc2 Qc7 12. a4 h5 13. Rfb1 h4 14. Ne4 hxg3 15. hxg3
Nxe4 16. dxe4 f6 17. e5 f5 18. Bc1 Nd7 19. e4 g6 20. exf5 gxf5 21. Bf4 Rg8 22.
Qd2 Rb8 23. a5 Nf8 24. Rb6 Ng6 25. Rab1 Bd8 26. Bg5 Nxe5 27. Bxd8 Nxf3+ 28. Bxf3
Qxd8 29. Qf4 Ra8 30. Bh5+ Kf8 31. Qh6+ Rg7 32. Qh8+ Rg8 33. Qh6+ Rg7 34. Qh8+
Rg8 35. Qe5 Qd4 36. Qe2 Rxg3+ 37. Kf1 Rh3 38. Bf3 Qh8 39. Qe3 Qd4 40. Qe2 Qh8
41. Qe3 Qd4 42. Qe2 Rh4 43. Rd1 Qxc4 44. Rd8+ Ke7 45. Qxc4 Rxc4 46. Rh8 Rb4 47.
Rh7+ Kf6 48. Rd6 Rd4 49. Rb6 Bd7 50. Bxb7 Ra7 51. Ke1 Bc8 52. Bxc8 Rxh7 53.
Rxe6+ Kg5 54. Bxa6 Re4+ 55. Rxe4 fxe4 56. Bc4 Kf4 57. Ke2 Rh3 58. a6 Ra3 59. Bb5
Ke5 60. Kd2 Kd4 61. Ke2 c4 62. Kd2 Ra5 63. Bd7 Rxa6 64. Bg4 Ra2+ 65. Kc1 Rxf2
66. Bd1 Kc3 67. Bh5 e3 0-1

[Event "GAMMA Reykjavik Open 2019"]
[Site "Reykjavik ISL"]
[Date "2019.04.09"]
[Round "3.64"]
[White "Eric, Jovana"]
[Black "Finnsson, Johann Arnar"]
[Result "1-0"]
[WhiteTitle "WGM"]
[WhiteElo "2247"]
[BlackElo "1776"]
[WhiteFideId "938238"]
[BlackFideId "2308240"]
[EventDate "2019.04.08"]

1. e4 d6 2. d4 g6 3. Nc3 Bg7 4. Be3 Nc6 5. Nf3 e5 6. Qd2 Bg4 7. d5 Nce7 8. h3
Bxf3 9. gxf3 f5 10. exf5 Nxf5 11. Bb5+ Kf7 12. O-O-O Nf6 13. Bd3 Qd7 14. h4 a6
15. f4 exf4 16. Bxf4 Rae8 17. Rdg1 b5 18. f3 b4 19. Ne4 h6 20. Qg2 Nxd5 21. Bc4
Qe6 22. Bxd5 Qxd5 23. Qxg6+ Kf8 24. Nf6 Bxf6 25. Qxf6+ Qf7 26. Qxh8+ Ke7 27.
Re1+ 1-0

[Event "GAMMA Reykjavik Open 2019"]
[Site "Reykjavik ISL"]
[Date "2019.04.09"]
[Round "3.65"]
[White "Eiriksson, Sigurdur"]
[Black "Ptacnikova, Lenka"]
[Result "1-0"]
[BlackTitle "WGM"]
[WhiteElo "1807"]
[BlackElo "2202"]
[WhiteFideId "2302314"]
[BlackFideId "305650"]
[EventDate "2019.04.08"]

1. d4 Nf6 2. Bg5 e6 3. e4 h6 4. Bxf6 Qxf6 5. c3 e5 6. Bc4 Nc6 7. Ne2 g5 8. O-O
d6 9. Na3 a6 10. Nc2 Ne7 11. Ne3 c6 12. Ng3 h5 13. dxe5 dxe5 14. Qd3 Ng6 15.
Ngf5 Bc5 16. b4 Be7 17. g3 Bd7 18. Rad1 Rd8 19. Qe2 Bc8 20. Rxd8+ Bxd8 21. Rd1
Bc7 22. Bb3 Ne7 23. Qd3 Nxf5 24. exf5 g4 25. c4 O-O 26. Qe4 Rd8 27. Rxd8+ Qxd8
28. Qc2 Qd4 29. a3 a5 30. bxa5 Bxa5 31. c5 Bd7 32. f6 e4 33. Qe2 Qxf6 34. Nc4
Bc7 35. Qd2 Be6 36. Qe3 Bd5 37. Nd2 Qe5 38. Bc2 Bd8 39. Bxe4 Bg5 40. Bh7+ 1-0

[Event "GAMMA Reykjavik Open 2019"]
[Site "Reykjavik ISL"]
[Date "2019.04.09"]
[Round "3.66"]
[White "Dougherty, Michael"]
[Black "Jonsson, Olafur Gisli"]
[Result "1-0"]
[WhiteTitle "FM"]
[WhiteElo "2183"]
[BlackElo "1773"]
[WhiteFideId "2601559"]
[BlackFideId "2302705"]
[EventDate "2019.04.08"]

1. d4 d5 2. c4 c6 3. Nf3 Nf6 4. e3 e6 5. Bd3 Nbd7 6. O-O dxc4 7. Bxc4 b5 8. Bd3
Bd6 9. a4 Qb6 10. e4 e5 11. axb5 cxb5 12. Na3 Ba6 13. Qe2 Rb8 14. dxe5 Nxe5 15.
Nxe5 Bxe5 16. Be3 Qb7 17. f4 Bc7 18. Nc2 Bb6 19. Nb4 Bxe3+ 20. Qxe3 Ng4 21. Qc5
Rd8 22. Rxa6 1-0

[Event "GAMMA Reykjavik Open 2019"]
[Site "Reykjavik ISL"]
[Date "2019.04.09"]
[Round "3.67"]
[White "Halldorsson, Hjorleifur"]
[Black "Halldorsson, Jon Arni"]
[Result "0-1"]
[WhiteElo "1773"]
[BlackElo "2163"]
[WhiteFideId "2303647"]
[BlackFideId "2301075"]
[EventDate "2019.04.08"]

1. e4 e6 2. d3 c5 3. Nf3 Nc6 4. g3 g6 5. Bg2 Bg7 6. O-O Nge7 7. Re1 O-O 8. c3 d6
9. d4 cxd4 10. cxd4 Qb6 11. e5 Nf5 12. Nc3 Ncxd4 13. exd6 Qxd6 14. Nxd4 Qxd4 15.
Bg5 h6 16. Be3 Nxe3 17. Rxe3 Qb6 18. Rd3 Bf6 19. Ne4 Be7 20. Rb3 Qa5 21. Qc1 Kg7
22. Qc3+ Qxc3 23. Nxc3 Rb8 24. a4 a5 25. Rd1 Rd8 26. Rxd8 Bxd8 27. Nb5 Bd7 28.
Rd3 Be8 29. b3 Be7 30. h3 g5 31. Rc3 b6 32. Bf3 Rd8 33. Nc7 Bd7 34. Rd3 Bc8 35.
Rxd8 Bxd8 36. Nb5 Kf6 37. Kf1 e5 38. g4 Be6 39. Bd1 Bd5 40. Nc3 Bc6 41. Bc2 Ke6
42. Bf5+ Kd6 43. Be4 Bd7 44. Ke2 Kc5 45. Kd3 Be6 46. Kc2 Kd4 47. f3 Ke3 48. Nd5+
Kf2 49. Kd2 Kg3 50. Ke2 Kxh3 51. Kf2 Kh4 52. Kg2 h5 53. Ne3 hxg4 54. fxg4 Bxg4
55. Nf5+ Bxf5 56. Bxf5 g4 0-1

[Event "GAMMA Reykjavik Open 2019"]
[Site "Reykjavik ISL"]
[Date "2019.04.09"]
[Round "3.67"]
[White "Halldorsson, Hjorleifur"]
[Black "Halldorsson, Jon Arni"]
[Result "0-1"]
[WhiteElo "1773"]
[BlackElo "2163"]
[WhiteFideId "2303647"]
[BlackFideId "2301075"]
[EventDate "2019.04.08"]

1. e4 e6 2. d3 c5 3. Nf3 Nc6 4. g3 g6 5. Bg2 Bg7 6. O-O Nge7 7. Re1 O-O 8. c3 d6
9. d4 cxd4 10. cxd4 b6 0-1

[Event "GAMMA Reykjavik Open 2019"]
[Site "Reykjavik ISL"]
[Date "2019.04.09"]
[Round "3.69"]
[White "Solaroli, Riccardo"]
[Black "Mai, Aron Thor"]
[Result "0-1"]
[WhiteElo "1770"]
[BlackElo "2067"]
[WhiteFideId "809810"]
[BlackFideId "2313383"]
[EventDate "2019.04.08"]

1. e4 c6 2. d4 d5 3. exd5 cxd5 4. Bd3 Nc6 5. c3 Qc7 6. h3 g6 7. Nf3 Bf5 8. O-O
Bxd3 9. Qxd3 Nf6 10. Re1 Bg7 11. Nbd2 Nd7 12. Qb5 Nb6 13. Nf1 O-O 14. Ne3 e6 15.
Ng4 a6 16. Qe2 Nd7 17. Bh6 Bxh6 18. Nxh6+ Kg7 19. Ng4 h5 20. Nge5 Ncxe5 21. Nxe5
Nxe5 22. dxe5 Rac8 23. Rad1 Qe7 24. Rd4 b5 25. a4 Rc4 26. axb5 axb5 27. Ra1 Rfc8
28. Qe3 b4 29. Rxc4 Rxc4 30. Ra7 Qh4 31. Qb6 Re4 32. Kf1 Qf4 33. g3 Qxe5 34. Ra1
bxc3 35. b4 c2 36. Rc1 Qb2 0-1

[Event "GAMMA Reykjavik Open 2019"]
[Site "Reykjavik ISL"]
[Date "2019.04.09"]
[Round "3.70"]
[White "De Winter, Eric"]
[Black "Rice, Chris B"]
[Result "0-1"]
[WhiteElo "1741"]
[BlackElo "2026"]
[WhiteFideId "1033069"]
[BlackFideId "404446"]
[EventDate "2019.04.08"]

1. Nf3 Nf6 2. c4 g6 3. Nc3 Bg7 4. g3 O-O 5. Bg2 d6 6. d4 Nc6 7. O-O a6 8. h3 h6
9. e4 e5 10. Be3 Qe7 11. d5 Nd8 12. Qd2 Kh7 13. Rad1 Ng8 14. c5 f5 15. cxd6 cxd6
16. Nh2 Bd7 17. f4 Nf7 18. exf5 gxf5 19. Rde1 Rae8 20. a3 Qd8 21. Nf3 Qa5 22.
Kh2 Qd8 23. Nh4 e4 24. Bd4 Bxd4 25. Qxd4 Qf6 26. Qe3 Rc8 27. Rf2 Rc5 28. Rc1 Ne7
29. Rd2 Rfc8 30. Qd4 Qxd4 31. Rxd4 Bb5 32. g4 Bd3 33. gxf5 Nxd5 34. Bxe4 Bxe4
35. Rxe4 Nxc3 36. Rxc3 Rxc3 37. bxc3 Rxc3 38. Re7 Kg7 39. Rxb7 Rxa3 40. Ng2 a5
41. Ra7 Kf6 42. Nh4 a4 43. Kg2 Ra2+ 44. Kg3 a3 45. Ra5 Ra1 46. Kg4 a2 47. Kh5
Kg7 48. Ra3 d5 49. Rg3+ Kf6 50. Rg6+ Ke7 51. Ra6 d4 52. Ng6+ Ke8 53. f6 d3 54.
Ra8+ Kd7 55. Ne5+ Nxe5 56. fxe5 d2 57. f7 d1=Q+ 58. Kxh6 Qd2+ 59. Kh5 Qe2+ 60.
Kh4 Qe4+ 0-1